Koncepčný návrh prívesu určeného na špeciálne práce pre vozidlo Octorota 3000H

Gespeichert in:
Bibliographische Detailangaben
1. Verfasser: Pupiš, Marek (Verfasst von)
Weitere Verfasser: Gulan, Ladislav (Betreuung Doktorarbeit)
Format: Manuskript Buch
Sprache:Slowakisch
Veröffentlicht: 2023
Schlagworte:
Online-Zugang:http://is.stuba.sk/zp/portal_zp.pl?podrobnosti=170236
Tags: Tag hinzufügen
Keine Tags, Fügen Sie das erste Tag hinzu!

MARC

LEADER 00000ntm a22000003a 4500
001 stuzp94695
003 SK-STU
005 20240424133110.8
007 ta
008 150427s2015----xo-----f-mn---000-0-slo-d
040 |a STU  |b slo 
041 0 |a slo 
100 1 |a Pupiš, Marek  |u 020030  |4 aut  |U SjF Strojnícka fakulta  |T SjF Ústav dopravnej techniky a konštruovania  |X 98716  |U J0030  |Y 806  |7 98716 
242 0 1 |a Concept design of a trailer intended for special work for the Octorota 3000H vehicle  |y eng 
245 1 0 |a Koncepčný návrh prívesu určeného na špeciálne práce pre vozidlo Octorota 3000H 
260 |c 2023 
650 4 |a pevnostný výpočet  |2 slo 
650 4 |a rám  |2 slo 
650 4 |a hydromotor  |2 slo 
650 4 |a sklápací príves  |2 slo 
650 4 |a frame  |2 eng 
650 4 |a hydromotor  |2 eng 
650 4 |a tipping trailer  |2 eng 
650 4 |a strength analysis  |2 eng 
700 1 |a Gulan, Ladislav  |u 020030  |k Z1  |4 ths  |U SjF Strojnícka fakulta  |T SjF Ústav dopravnej techniky a konštruovania  |X 2356  |U J0030  |Y 806  |7 A000002356 
856 4 |u http://is.stuba.sk/zp/portal_zp.pl?podrobnosti=170236 
996 |b 284J047532  |c J* 3654/DDP  |l JJSK  |s A  |a 24  |w stuzp94695_0001